Vico y Marx

Պահպանված է:
Մատենագիտական մանրամասներ
Հիմնական հեղինակ: Tagliacozzo, Giorgio
Ձևաչափ: Գիրք
Լեզու:Undetermined
Հրապարակվել է: México, Distrito Federal Fondo de Cultura Económica 1990
Խորագրեր:
Ցուցիչներ: Ավելացրեք ցուցիչ
Չկան պիտակներ, Եղեք առաջինը, ով նշում է այս գրառումը!

MARC

LEADER 00000nam a2200000Ia 4500
008 170316s9999 xx 000 0 und d
090 |a 100 T-1v 
100 |a Tagliacozzo, Giorgio 
245 |a Vico y Marx 
260 |a México, Distrito Federal 
260 |b Fondo de Cultura Económica 
260 |c 1990 
300 |a 395 páginas 
650 |a FILOSOFÍA 
999 |c 17752  |d 17752 
040 |a cru BVZT 
942 |c 15 D  |h 100 T-1v  |2 z